Movie Word Quintets XII Quiz Stats

 Plays Quiz Updated Jun 10, 2018

Challenge
Share
Tweet
Score 0/30 Timer 08:00
1 Play Today
% Correct
Jurassic Park
90.7%
Fight Club
89.9%
The Man with the Golden Gun
88.3%
South Park: Bigger, Longer & Uncut
87.4%
The Breakfast Club
86.6%
Walk the Line
81.7%
The Golden Compass
80.1%
Dallas Buyers Club
79.3%
On Golden Pond
71.4%
Shutter Island
69.5%
The First Wives Club
64.5%
Dangerous Liaisons
63.3%
Dangerous Minds
56.4%
Muppet Treasure Island
56%
The Golden Child
49.1%
% Correct
Gosford Park
48.3%
Hellboy II: The Golden Army
47.7%
Walk Hard: The Dewey Cox Story
44.5%
Kong: Skull Island
32.5%
The Island of Dr. Moreau
30.4%
Twin Peaks: Fire Walk with Me
24.7%
Barefoot in the Park
23.4%
A Walk in the Clouds
17.9%
Nim's Island
15.9%
Confessions of a Dangerous Mind
15.1%
A Walk Among the Tombstones
14.1%
A Dangerous Method
13.6%
Wicker Park
8.6%
The Emperor's Club
6.8%
The Most Dangerous Game
4.6%

You're not logged in!

Compare scores with friends on all Sporcle quizzes.
Join for Free
OR
Log In

You Might Also Like...

Show Comments

Extras

Top Quizzes Today


Score Distribution

Your Account Isn't Verified!

In order to create a playlist on Sporcle, you need to verify the email address you used during registration. Go to your Sporcle Settings to finish the process.

Report this User

Report this user for behavior that violates our Community Guidelines.

Details: